000 01204cam a22002771 4500
001 e 42000172
003 DLC
005 20260227111230.0
008 840817s1941 kyu 000 0 eng c
010 _ae 42000172
035 _a(OCoLC)11066263
040 _aU.S. Off. of educ. Library
_cDNIE
_dDLC
042 _apremarc
043 _an-us-ky
050 0 0 _aL152
_b.B35 vol. 9. no. 12.
111 2 _aTeacher Education Conference
_n(2nd :
_d1941 :
_cKentucky State Teachers College, Bowling Green)
245 1 4 _aThe general education of teachers;
_ba report of the Teacher education conference held at Western Kentucky state teachers college, Bowling Green, September 8-12, 1941.
_cPublished by order of the State board of education, John W. Brooker, superintendent of public instruction.
260 _a[Frankfort, Ky.,
_c1942]
300 _a1019-1078 p.
_c23 cm.
490 0 _a[Kentucky. Dept. of education] Educational bulletin ...
_vvol. IX, no. 12
500 _aCover-title.
500 _aAt head of title: Commonwealth of Kentucky.
500 _a"Second annual conference on teacher education."--Foreword.
650 0 _aTeachers
_xTraining of
_zKentucky.
650 0 _aEducation
_vCongresses.
999 _c21864
_d21864